000 00403nam a22001457a 4500
005 20200523143640.0
008 200523b xxu||||| |||| 00| 0 eng d
082 _a340
110 _aThe All India Reporter ltd.
_95739
245 _aThe All India Reporter 1963 (VOL-50) PUNJAB Section
260 _aBOMBAY
_bThe All India Reporter 1963 Ltd.
_c1963
300 _a56p.
650 _aLAW
_95701
942 _cJRL
999 _c6452
_d6450